| 000 | 00699nam a22002298a 4500 | ||
|---|---|---|---|
| 001 | 015771895 | ||
| 003 | Uk | ||
| 005 | 20130207114359.0 | ||
| 008 | 110309s2011 nyu 000 0 eng|d | ||
| 020 | _a1111308470 (pbk.) | ||
| 020 | _a9781111308476 (pbk.) | ||
| 082 | 0 | 4 |
_a362.173068 _222 _bKEL |
| 100 | 1 |
_aKelly, Patricia, _d1941- _932498 |
|
| 245 | 1 | 0 |
_aNursing Leadership & Management / _cPatricia Kelly. |
| 250 | _a3rd ed. | ||
| 260 |
_aClifton Park, N.Y. : _bDelmar ; _aAndover : _bCengage Learning [distributor], _c2011. |
||
| 300 |
_a1 v. ; _c25 cm. |
||
| 650 | 0 |
_aNursing services _xAdministration. _932499 |
|
| 650 | 0 |
_aLeadership. _932500 |
|
| 653 |
_bNUR _cFebruary2013 |
||
| 942 |
_2ddc _cNRB |
||
| 999 |
_c17261 _d17233 |
||